Využitie rôznych donorov oxidu uhoľnatého v karbonylačných reakciách diplomová práca

Uložené v:
Podrobná bibliografia
Hlavný autor: Lopatka, Pavol
Médium: Kniha
Jazyk:Slovak
Vydavateľské údaje: Bratislava STU FCHPT 2015
On-line prístup:View in OPAC
Tagy: Pridať tag
Žiadne tagy, Buďte prvý, kto otaguje tento záznam!

MARC

LEADER 00000nam a2200000 a 4500
005 20260127134417.0
008 160125 2015 000 0 slo d
035 |a vtls011468569 
039 9 |y 201601251236  |z mschk03 
040 |a STUSCHK1  |b slo  |c STUSCHK1  |e AACR2 
100 1 |a Lopatka, Pavol 
245 1 |a Využitie rôznych donorov oxidu uhoľnatého v karbonylačných reakciách  |b diplomová práca  |c Pavol Lopatka 
260 |a Bratislava  |b STU FCHPT  |c 2015 
300 |a 75 s.  |b il.  |c 25 cm 
500 |a Študijný program: technická chémia 
500 |a Študijný odbor: chémia, chemické technológie 
500 |a Školiace pracovisko: Odd. organickej chémie 
500 |a Evid. číslo: FCHPT-5459-43518 
910 |a SCHK95 
999 |c 12098  |d 12098